[Event "Mid Bohemia Region-chT 2223"]
[Site "Czech Republic"]
[Date "2023.02.26"]
[Round "9.4"]
[White "Janacek, Jaroslav"]
[Black "Pistik, Petr"]
[Result "0-1"]
[WhiteElo "2029"]
[BlackElo "2004"]
[PlyCount "142"]
[EventDate "2022.10.09"]
[EventType "team-tourn"]
[EventRounds "11"]
[EventCountry "CZE"]
[SourceTitle "EXT 2024"]
[Source "ChessBase"]
[SourceDate "2023.10.10"]
[SourceVersion "1"]
[SourceVersionDate "2023.10.10"]
[SourceQuality "1"]
[WhiteTeam "Kostelec nad CL"]
[BlackTeam "Nymburk Sokol"]
[WhiteTeamCountry "CZE"]
[BlackTeamCountry "CZE"]

1. Nf3 Nf6 2. c4 e6 3. g3 d5 4. b3 c5 5. Bg2 Nc6 6. e3 Be7 7. 0-0 0-0 8. Bb2 b6 9. Qe2 Ba6 10. Rd1 Qc7 11. Nc3 Nd7 12. Rac1 Bf6 13. d4 Rac8 14. Nb5 Qb8 15. dxc5 bxc5 16. Bxf6 Nxf6 17. a4 Nb4 18. Bh3 Bb7 19. cxd5 Bxd5 20. Nd2 a6 21. Nc3 Bb7 22. e4 Qc7 23. Nc4 Rfd8 24. Bg2 Rxd1+ 25. Nxd1 Nc6 26. f3 Nd4 27. Qb2 a5 28. Kf2 Ba6 29. Nde3 Nd7 30. Bf1 Rb8 31. Rc3 h6 32. Nc2 Bxc4 33. Bxc4 Nb6 34. Bb5 Qd6 35. Rd3 e5 36. Ne3 Qf6 37. Ng4 Qe6 38. Qc3 h5 39. Ne3 Qh3 40. Nf1 Qe6 41. Qxc5 Rc8 42. Qa3 Rc2+ 43. Rd2 Rc3 44. Be2 Nxf3 45. Bxf3 Qf6 46. Ne3 Nc4 47. Nxc4 Qxf3+ 48. Kg1 Rxc4 49. Qb2 Qe3+ 50. Kf1 Qf3+ 51. Kg1 Rxe4 52. Rd8+ Kh7 53. Qc2 g6 54. Qf2 Qxb3 55. Rd7 Kg7 56. Rd6 Qe3 57. Qxe3 Rxe3 58. Rd5 Kf6 59. Rxa5 Ra3 60. Kg2 Kf5 61. h3 Ke4 62. g4 h4 63. Ra7 f5 64. g5 Ra2+ 65. Kf1 Kf3 66. Ke1 e4 67. Kd1 e3 68. Re7 e2+ 69. Ke1 Ra1+ 70. Kd2 Rd1+ 71. Kc2 e1Q 0-1

[Event "Mid Bohemia Region-chT 2223"]
[Site "Czech Republic"]
[Date "2023.01.29"]
[Round "7.4"]
[White "Janacek, Jaroslav"]
[Black "Svoboda, Jaromir"]
[Result "1-0"]
[WhiteElo "2029"]
[BlackElo "1961"]
[PlyCount "81"]
[EventDate "2022.10.09"]
[EventType "team-tourn"]
[EventRounds "11"]
[EventCountry "CZE"]
[SourceTitle "EXT 2024"]
[Source "ChessBase"]
[SourceDate "2023.10.10"]
[SourceVersion "1"]
[SourceVersionDate "2023.10.10"]
[SourceQuality "1"]
[WhiteTeam "Kostelec nad CL"]
[BlackTeam "Brodce"]
[WhiteTeamCountry "CZE"]
[BlackTeamCountry "CZE"]

1. Nf3 Nf6 2. c4 e6 3. g3 b6 4. Bg2 Bb7 5. 0-0 Be7 6. b3 0-0 7. Bb2 c5 8. e3 d5 9. Qe2 dxc4 10. bxc4 Nc6 11. Rd1 Rc8 12. Nc3 Na5 13. Rac1 a6 14. d3 Qc7 15. Rd2 Rfd8 16. Nd1 Nc6 17. Ba1 Rd7 18. Rb1 Rcd8 19. Ne1 Nb4 20. Bxb7 Qxb7 21. a3 a5 22. axb4 cxb4 23. Bxf6 Bxf6 24. d4 Qe4 25. Qd3 Rxd4 26. Qxe4 Rxe4 27. Rxd8+ Bxd8 28. Nb2 b5 29. cxb5 Re5 30. Rd1 Bf6 31. b6 Rb5 32. Na4 Kf8 33. Nd3 Ke8 34. Ndc5 Be7 35. Nb3 e5 36. e4 f6 37. Kf1 Bd8 38. Ke2 Bxb6 39. Nxb6 Rxb6 40. Nxa5 Ra6 41. Nc4 1-0

[Event "CZE-chT2A 1920"]
[Site "Czech Republic"]
[Date "2019.11.03"]
[Round "2.8"]
[White "Jelagin, Konstantin"]
[Black "Janacek, Jaroslav"]
[Result "0-1"]
[WhiteElo "1870"]
[BlackElo "2056"]
[PlyCount "94"]
[EventDate "2019.10.13"]
[EventType "team-tourn"]
[EventRounds "11"]
[EventCountry "CZE"]
[SourceTitle "EXT 2024"]
[Source "ChessBase"]
[SourceDate "2023.10.10"]
[SourceVersion "1"]
[SourceVersionDate "2023.10.10"]
[SourceQuality "1"]
[WhiteTeam "Pribram Banik"]
[BlackTeam "Praha Mahrla"]
[WhiteTeamCountry "CZE"]
[BlackTeamCountry "CZE"]

1. e4 d6 2. d4 Nf6 3. Nc3 e5 4. dxe5 dxe5 5. Qxd8+ Kxd8 6. Bg5 Be6 7. Rd1+ Nbd7 8. Nf3 Kc8 9. a3 a6 10. Be2 h6 11. Bh4 b5 12. b4 Bd6 13. 0-0 Kb7 14. Ne1 g5 15. Bg3 h5 16. f3 h4 17. Bf2 Nh5 18. Nd3 Nf4 19. Rfe1 Rag8 20. h3 Kc6 21. Rb1 Nb6 22. Nc5 Bxc5 23. Bxc5 Nxe2+ 24. Nxe2 Na4 25. Be3 Bc4 26. c3 f6 27. Kf2 Rd8 28. Rbd1 Rxd1 29. Rxd1 Bxe2 30. Kxe2 Nxc3+ 31. Ke1 Nxd1 32. Kxd1 Ra8 33. Kc2 a5 34. Bc5 axb4 35. Bxb4 Kd7 36. Kb3 Ke6 37. Bc5 Rd8 38. Kc2 Rd7 39. Be3 c5 40. Bd2 Rd4 41. Bc3 Rc4 42. Kb3 Kd6 43. Bb2 Kc6 44. Bc3 Kb6 45. Bb2 Ka5 46. Bc3+ Rxc3+ 47. Kxc3 Ka4 0-1

[Event "Prague Menchik Memorial rapid"]
[Site "Prague"]
[Date "2019.06.09"]
[Round "6"]
[White "Kuzmin, Yuriy"]
[Black "Janacek, Jaroslav"]
[Result "1/2-1/2"]
[WhiteElo "2219"]
[BlackElo "2037"]
[PlyCount "68"]
[EventDate "2019.06.09"]
[EventType "swiss (rapid)"]
[EventRounds "9"]
[EventCountry "CSR"]
[SourceTitle "CBM 190 Extra"]
[Source "ChessBase"]
[SourceDate "2019.07.15"]
[SourceVersion "1"]
[SourceVersionDate "2019.07.15"]
[SourceQuality "1"]

1. d4 d6 2. e4 Nf6 3. Nc3 e5 4. Nf3 Nbd7 5. Bc4 Be7 6. 0-0 c6 7. a4 Qc7 8. Re1 h6 9. Ba2 a5 10. h3 Nf8 11. Nh4 exd4 12. Qxd4 Ne6 13. Qd3 Nc5 14. Qf3 0-0 15. Nf5 Bxf5 16. Qxf5 Nh7 17. Be3 Bf6 18. Bxc5 Bxc3 19. Bxd6 Qxd6 20. bxc3 g6 21. Qg4 h5 22. Qh4 Qe5 23. Qg3 Qxg3 24. fxg3 Rad8 25. Rab1 Rd7 26. e5 Ng5 27. e6 Nxe6 28. Rxe6 fxe6 29. Bxe6+ Rff7 30. c4 Kg7 31. Bxf7 Kxf7 32. Rb3 Ke6 33. Kf1 Rd2 34. Rxb7 Rxc2 1/2-1/2

[Event "CZE-chT2C 1819"]
[Site "Czech Republic"]
[Date "2019.02.24"]
[Round "9.8"]
[White "Janacek, Jaroslav"]
[Black "Prochazka, Jiri1111"]
[Result "1/2-1/2"]
[WhiteElo "2017"]
[BlackElo "2095"]
[PlyCount "97"]
[EventDate "2018.10.14"]
[EventType "team-tourn"]
[EventRounds "11"]
[EventCountry "CZE"]
[SourceTitle "EXT 2022"]
[Source "ChessBase"]
[SourceDate "2021.10.06"]
[SourceVersion "1"]
[SourceVersionDate "2021.10.06"]
[SourceQuality "1"]
[WhiteTeam "Praha Mahrla"]
[BlackTeam "Praha Vrsovice"]
[WhiteTeamCountry "CZE"]
[BlackTeamCountry "CZE"]

1. c4 f5 2. g3 Nf6 3. Bg2 e6 4. e3 d5 5. cxd5 exd5 6. Ne2 Bd6 7. b3 0-0 8. Ba3 c6 9. Bxd6 Qxd6 10. 0-0 Nbd7 11. Qc2 Ne5 12. Nbc3 Bd7 13. f4 Neg4 14. h3 Nh6 15. Na4 b6 16. Nb2 Rae8 17. Nd3 Nf7 18. b4 Ne4 19. Kh2 h6 20. a4 Rc8 21. Qb2 c5 22. b5 Kh7 23. Ne5 Be6 24. d3 Nf6 25. d4 Rc7 26. Rfc1 Ne4 27. Rc2 Nxe5 28. fxe5 Qe7 29. Nf4 Bf7 30. a5 g5 31. axb6 axb6 32. Nd3 c4 33. Nb4 Be6 34. Ra6 Rb7 35. Qa3 Qf7 36. Nc6 f4 37. exf4 gxf4 38. Bxe4+ dxe4 39. gxf4 Qxf4+ 40. Qg3 Qxg3+ 41. Kxg3 Rg7+ 42. Kh2 Rf3 43. Rg2 Rxg2+ 44. Kxg2 Bxh3+ 45. Kh2 e3 46. Ra1 e2 47. Re1 Re3 48. Nb4 Bg4 49. Nd5 1/2-1/2

[Event "CZE-chT2C 1819"]
[Site "Czech Republic"]
[Date "2018.12.16"]
[Round "5.7"]
[White "Cernoch, Vit"]
[Black "Janacek, Jaroslav"]
[Result "0-1"]
[WhiteElo "1944"]
[BlackElo "2017"]
[PlyCount "110"]
[EventDate "2018.10.14"]
[EventType "team-tourn"]
[EventRounds "11"]
[EventCountry "CZE"]
[SourceTitle "EXT 2022"]
[Source "ChessBase"]
[SourceDate "2021.10.06"]
[SourceVersion "1"]
[SourceVersionDate "2021.10.06"]
[SourceQuality "1"]
[WhiteTeam "Jicin"]
[BlackTeam "Praha Mahrla"]
[WhiteTeamCountry "CZE"]
[BlackTeamCountry "CZE"]

1. e4 d6 2. d4 Nf6 3. Nc3 e5 4. Bg5 Nbd7 5. Nf3 Be7 6. Be2 h6 7. Bxf6 Bxf6 8. Nd5 exd4 9. Nxf6+ Nxf6 10. Qxd4 0-0 11. 0-0-0 c5 12. Qd3 Qa5 13. a3 Be6 14. Nd2 Rad8 15. f4 d5 16. e5 c4 17. Qd4 Nd7 18. g4 Qc5 19. Nb1 Qxd4 20. Rxd4 f6 21. f5 fxe5 22. fxe6 exd4 23. e7 Rc8 24. exf8Q+ Kxf8 25. Bf3 Rc5 26. Rd1 Ne5 27. Bh1 d3 28. Rf1+ Ke7 29. Rf5 Kd6 30. Nc3 b5 31. h3 a5 32. Kd2 b4 33. Nxd5 Rxd5 34. Bxd5 Kxd5 35. cxd3 cxd3 36. axb4 axb4 37. b3 Ke4 38. Rxe5+ Kxe5 39. Kxd3 Kd5 40. h4 g6 41. Ke3 Ke5 42. Kd3 Kf4 43. Kc4 Kxg4 44. Kxb4 Kxh4 45. Kc4 g5 46. b4 g4 47. b5 g3 48. b6 g2 49. b7 g1Q 50. b8Q h5 51. Qh8 Qg4+ 52. Kd3 Qf3+ 53. Kd2 Kh3 54. Ke1 h4 55. Qb2 Qh1+ 0-1

[Event "CZE-chT2C 1819"]
[Site "Czech Republic"]
[Date "2018.10.14"]
[Round "1.7"]
[White "Janacek, Jaroslav"]
[Black "Nun, Josef"]
[Result "1/2-1/2"]
[WhiteElo "2017"]
[BlackElo "2157"]
[PlyCount "20"]
[EventDate "2018.10.14"]
[EventType "team-tourn"]
[EventRounds "11"]
[EventCountry "CZE"]
[SourceTitle "EXT 2022"]
[Source "ChessBase"]
[SourceDate "2021.10.06"]
[SourceVersion "1"]
[SourceVersionDate "2021.10.06"]
[SourceQuality "1"]
[WhiteTeam "Praha Mahrla"]
[BlackTeam "Hradec Kralove II"]
[WhiteTeamCountry "CZE"]
[BlackTeamCountry "CZE"]

1. Nf3 d5 2. c4 d4 3. b4 a5 4. Bb2 e5 5. Nxe5 axb4 6. e3 dxe3 7. fxe3 Nc6 8. Nf3 Nf6 9. d4 Be7 10. Bd3 0-0 1/2-1/2

[Event "Prague Summer op-B 5th"]
[Site "Prague"]
[Date "2018.08.04"]
[Round "2"]
[White "Janacek, Jaroslav"]
[Black "Lang, Anders"]
[Result "1-0"]
[WhiteElo "2006"]
[BlackElo "1758"]
[PlyCount "65"]
[EventDate "2018.08.03"]
[EventType "swiss"]
[EventRounds "9"]
[EventCountry "CZE"]
[SourceTitle "CBM 186 Extra"]
[Source "ChessBase"]
[SourceDate "2018.08.24"]
[SourceVersion "1"]
[SourceVersionDate "2018.08.24"]
[SourceQuality "1"]

1. Nf3 Nf6 2. c4 Nc6 3. g3 e5 4. Bg2 Bc5 5. 0-0 d6 6. Nc3 a6 7. a3 0-0 8. b4 Bd4 9. Bb2 Bxc3 10. Bxc3 Ne7 11. e3 Bg4 12. h3 Be6 13. Qe2 Ne4 14. Bb2 Ng6 15. d3 Ng5 16. Nxg5 Qxg5 17. h4 Nxh4 18. gxh4 Qxh4 19. Qf3 f5 20. Qg3 Qe7 21. f4 Rf6 22. fxe5 Rg6 23. exd6 cxd6 24. Qf3 Rf8 25. Rf2 f4 26. exf4 Qh4 27. Re1 h6 28. Rxe6 Rxe6 29. Qd5 Qg4 30. f5 Kh7 31. Qxe6 Qd1+ 32. Rf1 Qxd3 33. Qg6+ 1-0

[Event "Prague Golden op 14th"]
[Site "Prague"]
[Date "2018.07.07"]
[Round "8"]
[White "Fiser, Jiri1111"]
[Black "Janacek, Jaroslav"]
[Result "1/2-1/2"]
[WhiteElo "1914"]
[BlackElo "1989"]
[PlyCount "169"]
[EventDate "2018.06.30"]
[EventType "swiss"]
[EventRounds "9"]
[EventCountry "CZE"]
[SourceTitle "CBM 185 Extra"]
[Source "ChessBase"]
[SourceDate "2018.07.29"]
[SourceVersion "1"]
[SourceVersionDate "2018.07.29"]
[SourceQuality "1"]

1. e4 c5 2. Nf3 g6 3. c4 Nc6 4. d4 cxd4 5. Nxd4 Nf6 6. Nc3 d6 7. Be2 Nxd4 8. Qxd4 Bg7 9. Be3 0-0 10. Qd2 Ng4 11. Bf4 Ne5 12. 0-0 Be6 13. b3 Nd7 14. Bh6 Re8 15. Bxg7 Kxg7 16. f4 Nf6 17. f5 Bd7 18. Rf3 Bc6 19. Bd3 Qb6+ 20. Kh1 Qd4 21. Re1 e6 22. fxg6 fxg6 23. Ne2 Qe5 24. Ng3 Re7 25. Qf4 Qxf4 26. Rxf4 Nd7 27. Kg1 a5 28. a3 Rf7 29. Rxf7+ Kxf7 30. Rf1+ Ke7 31. Kf2 Rf8+ 32. Ke3 Rxf1 33. Nxf1 b6 34. Nd2 Kf6 35. Kd4 h6 36. h3 h5 37. g3 e5+ 38. Ke3 Nc5 39. Be2 Bd7 40. h4 Bh3 41. b4 axb4 42. axb4 Ne6 43. Nb1 Nd4 44. Nc3 Be6 45. Bd3 Nc6 46. b5 Na5 47. Nd5+ Bxd5 48. cxd5 g5 49. Be2 gxh4 50. gxh4 Kg6 51. Kf3 Kh6 52. Ke3 Nb3 53. Bd3 Nc5 54. Be2 Nd7 55. Kf3 Nf8 56. Kg3 Ng6 57. Bd3 Nf4 58. Bc4 Kg6 59. Bf1 Kh7 60. Bc4 Ng6 61. Be2 Kh6 62. Bc4 Ne7 63. Be2 Ng8 64. Kf3 Nf6 65. Bd3 Kg6 66. Bf1 Nd7 67. Bc4 Nc5 68. Bf1 Nb3 69. Ke3 Kh6 70. Bc4 Nd4 71. Bd3 Kg6 72. Bc4 Nc2+ 73. Kd2 Nd4 74. Ke3 Kh6 75. Bf1 Nb3 76. Bc4 Na5 77. Bf1 Nb7 78. Bc4 Nd8 79. Bf1 Nf7 80. Bd3 Nh8 81. Kf3 Ng6 82. Kg3 Nf4 83. Bc4 Kg6 84. Bf1 Kf6 85. Bc4 1/2-1/2

[Event "Prague Golden op 14th"]
[Site "Prague"]
[Date "2018.07.06"]
[Round "7"]
[White "Janacek, Jaroslav"]
[Black "Pribyl, Josef"]
[Result "0-1"]
[WhiteElo "1989"]
[BlackElo "2263"]
[PlyCount "76"]
[EventDate "2018.06.30"]
[EventType "swiss"]
[EventRounds "9"]
[EventCountry "CZE"]
[SourceTitle "CBM 185 Extra"]
[Source "ChessBase"]
[SourceDate "2018.07.29"]
[SourceVersion "1"]
[SourceVersionDate "2018.07.29"]
[SourceQuality "1"]

1. Nf3 Nf6 2. c4 g6 3. b4 Bg7 4. Bb2 b6 5. g3 Bb7 6. Bg2 0-0 7. 0-0 c5 8. b5 a6 9. a4 e6 10. d3 d5 11. Nbd2 Nbd7 12. Rb1 axb5 13. cxb5 Qc7 14. Qc2 Rfd8 15. e4 Qb8 16. Rfe1 Ra7 17. Ra1 h6 18. h3 c4 19. exd5 cxd3 20. Qxd3 Bxd5 21. Qe3 Qa8 22. Nh4 g5 23. Nhf3 Rxa4 24. Rxa4 Qxa4 25. Nxg5 hxg5 26. Bxd5 exd5 27. Qxg5 Qxb5 28. Bxf6 Nxf6 29. h4 Re8 30. Rb1 Qc6 31. h5 Ne4 32. Nxe4 dxe4 33. Qe3 Qc5 34. Qe2 e3 35. f4 Rd8 36. Qg4 e2+ 37. Kg2 Qd5+ 38. Kf2 Qd4+ 0-1

[Event "Prague Golden op 14th"]
[Site "Prague"]
[Date "2018.07.05"]
[Round "6"]
[White "Nemecek, Lukas"]
[Black "Janacek, Jaroslav"]
[Result "0-1"]
[WhiteElo "1651"]
[BlackElo "1989"]
[PlyCount "88"]
[EventDate "2018.06.30"]
[EventType "swiss"]
[EventRounds "9"]
[EventCountry "CZE"]
[SourceTitle "CBM 185 Extra"]
[Source "ChessBase"]
[SourceDate "2018.07.29"]
[SourceVersion "1"]
[SourceVersionDate "2018.07.29"]
[SourceQuality "1"]

1. e4 d6 2. d4 Nf6 3. Nc3 g6 4. Nf3 Bg7 5. Be2 0-0 6. 0-0 Bg4 7. h3 Bxf3 8. Bxf3 Nc6 9. Be3 e5 10. d5 Nb8 11. Qd2 c6 12. Bg5 Qc7 13. Bxf6 Bxf6 14. g4 Qe7 15. Qd3 Rd8 16. b4 a5 17. a3 Nd7 18. Rfd1 axb4 19. axb4 c5 20. Qb5 cxb4 21. Rxa8 Rxa8 22. Na4 Rc8 23. Rd2 Bg5 24. Re2 Nc5 25. Nb6 Rd8 26. Qxb4 Qf6 27. Bg2 Kg7 28. Qc3 Rh8 29. Qf3 Qd8 30. Nc4 b5 31. Nd2 h5 32. gxh5 Rxh5 33. Nf1 Rh4 34. Ne3 Rf4 35. Qg3 Kf8 36. Nf1 b4 37. Nd2 Bh4 38. Qe3 Qa5 39. f3 Na4 40. Nc4 Qa6 41. Qb3 Nc3 42. Rd2 Qa1+ 43. Kh2 Qe1 44. Qxb4 Bg3# 0-1

[Event "Prague Golden op 14th"]
[Site "Prague"]
[Date "2018.07.03"]
[Round "4"]
[White "Janacek, Jaroslav"]
[Black "Krivanek, Vladimir"]
[Result "1/2-1/2"]
[WhiteElo "1989"]
[BlackElo "2109"]
[PlyCount "122"]
[EventDate "2018.06.30"]
[EventType "swiss"]
[EventRounds "9"]
[EventCountry "CZE"]
[SourceTitle "CBM 185 Extra"]
[Source "ChessBase"]
[SourceDate "2018.07.29"]
[SourceVersion "1"]
[SourceVersionDate "2018.07.29"]
[SourceQuality "1"]

1. e4 e6 2. d4 d5 3. Nc3 Bb4 4. exd5 Qxd5 5. Nf3 Nf6 6. a3 Bxc3+ 7. bxc3 b6 8. Bd3 Bb7 9. 0-0 Nbd7 10. Bf4 Rc8 11. c4 Qh5 12. d5 Nc5 13. Nd4 Qh4 14. Qd2 Nxd3 15. cxd3 0-0 16. Nc6 Rfe8 17. Bg3 Qh5 18. Nxa7 Rcd8 19. dxe6 Rxe6 20. f3 c6 21. Bc7 Qc5+ 22. Qf2 Qxf2+ 23. Kxf2 Rxd3 24. Rfd1 Rde3 25. Rd8+ Ne8 26. Ra2 h5 27. Bxb6 Re1 28. Ba5 R1e3 29. Rb2 Ba6 30. Nxc6 Bxc4 31. Nd4 R6e5 32. Bc7 Re7 33. Bd6 R7e6 34. Rdb8 h4 35. f4 R6e4 36. Be5 f6 37. Rxe8+ Kh7 38. f5 g6 39. Rh8+ Kg7 40. Rxh4 Rxe5 41. Rb7+ Re7 42. Rxe7+ Rxe7 43. fxg6 Kxg6 44. Rf4 Bd5 45. Nf3 Ra7 46. a4 Bb3 47. Nh4+ Kg7 48. Nf5+ Kg6 49. g4 Bxa4 50. h4 Bd1 51. Ne3 Ra2+ 52. Kg3 Bb3 53. h5+ Kg7 54. Rb4 Ra3 55. Kf4 Ra4 56. Nf5+ Kh7 57. Rxa4 Bxa4 58. Nd4 Bd7 59. Nf5 Ba4 60. Ke4 Bc6+ 61. Kf4 Ba4 1/2-1/2

[Event "Ricany op-A"]
[Site "Ricany"]
[Date "2017.09.02"]
[Round "9"]
[White "Janacek, Jaroslav"]
[Black "Vlkova, Anezka"]
[Result "0-1"]
[WhiteElo "2019"]
[BlackElo "1914"]
[PlyCount "142"]
[EventDate "2017.08.26"]
[EventType "swiss"]
[EventRounds "9"]
[EventCountry "CZE"]
[SourceTitle "CBM 180 Extra"]
[Source "ChessBase"]
[SourceDate "2017.10.06"]
[SourceVersion "1"]
[SourceVersionDate "2017.10.06"]
[SourceQuality "1"]

1. Nf3 Nf6 2. c4 e6 3. g3 a6 4. Bg2 b5 5. b3 c5 6. Nc3 Qb6 7. 0-0 Bb7 8. d3 Be7 9. a4 b4 10. a5 Qc7 11. Na4 Qxa5 12. Bb2 d5 13. Ne5 Qc7 14. cxd5 Bxd5 15. e4 Bb7 16. Rc1 0-0 17. Qe2 Nbd7 18. f4 Nb6 19. Nxb6 Qxb6 20. Nc4 Qd8 21. g4 Nd7 22. g5 f6 23. h4 Rb8 24. Bh3 e5 25. Qg4 Bc8 26. f5 Kh8 27. Rf3 Rg8 28. Rg3 Bb7 29. Rc2 Nb6 30. Na5 Ba8 31. Bf1 Nd5 32. Nc4 Nb6 33. Ne3 a5 34. Rcg2 Qe8 35. g6 h6 36. Qh5 Bf8 37. Qd1 Bc6 38. Qh5 Rb7 39. Ng4 a4 40. bxa4 Nxa4 41. Bc1 Nc3 42. Nxh6 gxh6 43. Bxh6 Rh7 44. gxh7 Rxg3 45. Qxe8 Rxg2+ 46. Kxg2 Bxe8 47. Bxf8 b3 48. d4 b2 49. Bd3 c4 50. Bc2 exd4 51. Be7 Kxh7 52. Bxf6 Nb5 53. Kf2 d3 54. Bb1 Na3 55. Bxd3 cxd3 56. Bxb2 Nc4 57. Bc3 Bh5 58. Ke1 Kg8 59. e5 Bg4 60. f6 Kf7 61. Kf2 d2 62. Bxd2 Nxd2 63. Ke3 Nf3 64. Kf4 Bh5 65. Kf5 Bg6+ 66. Kf4 Nxh4 67. Kg5 Nf3+ 68. Kf4 Nd4 69. Ke3 Nc6 70. Kf4 Ke6 71. Kg5 Nxe5 0-1

[Event "Ricany op-A"]
[Site "Ricany"]
[Date "2017.08.27"]
[Round "3"]
[White "Mladek, Richard"]
[Black "Janacek, Jaroslav"]
[Result "1-0"]
[WhiteElo "2160"]
[BlackElo "2019"]
[PlyCount "65"]
[EventDate "2017.08.26"]
[EventType "swiss"]
[EventRounds "9"]
[EventCountry "CZE"]
[SourceTitle "CBM 180 Extra"]
[Source "ChessBase"]
[SourceDate "2017.10.06"]
[SourceVersion "1"]
[SourceVersionDate "2017.10.06"]
[SourceQuality "1"]

1. e4 d6 2. d4 Nf6 3. Nc3 g6 4. Be3 c6 5. Qd2 b5 6. f3 Nbd7 7. 0-0-0 Nb6 8. Bh6 b4 9. Nb1 Bxh6 10. Qxh6 Be6 11. b3 a5 12. Ne2 Qc7 13. Nf4 a4 14. Rd2 Ra5 15. Nd3 c5 16. e5 Nfd5 17. exd6 exd6 18. Qg7 Rf8 19. dxc5 dxc5 20. Nb2 axb3 21. cxb3 Rxa2 22. Bb5+ Ke7 23. Re1 Qd6 24. Nc4 Nxc4 25. Rxa2 Qf4+ 26. Nd2 Na3 27. Rxe6+ Kxe6 28. Qxf8 Qxh2 29. Qe8+ Ne7 30. Bd7+ Kf6 31. Qh8+ Kg5 32. Ne4+ Kf4 33. Qb8+ 1-0

[Event "Prague Summer op-B 4th"]
[Site "Prague"]
[Date "2017.08.11"]
[Round "9"]
[White "Janacek, Jaroslav"]
[Black "Navaratnam, Rohan Shan Tze"]
[Result "1-0"]
[WhiteElo "2019"]
[BlackElo "1701"]
[PlyCount "68"]
[EventDate "2017.08.04"]
[EventType "swiss"]
[EventRounds "9"]
[EventCountry "CZE"]
[SourceTitle "EXT 2019"]
[Source "ChessBase"]
[SourceDate "2018.10.10"]
[SourceVersion "1"]
[SourceVersionDate "2018.10.10"]
[SourceQuality "1"]

1. Nf3 d5 2. c4 e6 3. g3 c5 4. b3 Nf6 5. Bg2 Bd6 6. e3 b6 7. 0-0 Bb7 8. Qe2 0-0 9. Bb2 Nbd7 10. Rd1 dxc4 11. bxc4 Rc8 12. Nc3 a6 13. Rac1 Qc7 14. d3 Rfd8 15. Rd2 Ng4 16. Ng5 Nge5 17. f4 Ng6 18. Nce4 Qc6 19. Qh5 Ndf8 20. Kh1 Rc7 21. h4 Be7 22. Qe2 f6 23. Nf3 Nh8 24. h5 Nf7 25. g4 e5 26. fxe5 Nxe5 27. Nxe5 fxe5 28. Bxe5 Rcd7 29. Rf1 Ne6 30. h6 b5 31. Qf3 Kh8 32. hxg7+ Nxg7 33. Bxg7+ Kxg7 34. Qf7+ Kh8 1-0

[Event "Prague Golden op 13th"]
[Site "Prague"]
[Date "2017.07.09"]
[Round "9"]
[White "Janacek, Jaroslav"]
[Black "Maly, Filip"]
[Result "1-0"]
[WhiteElo "2012"]
[BlackElo "1915"]
[PlyCount "53"]
[EventDate "2017.07.01"]
[EventType "swiss"]
[EventRounds "9"]
[EventCountry "CZE"]
[SourceTitle "CBM 179 Extra"]
[Source "ChessBase"]
[SourceDate "2017.08.23"]
[SourceVersion "1"]
[SourceVersionDate "2017.08.23"]
[SourceQuality "1"]

1. Nf3 Nf6 2. c4 g6 3. b4 Bg7 4. Bb2 0-0 5. g3 d6 6. Bg2 e5 7. 0-0 e4 8. Ng5 Re8 9. Qc2 Bf5 10. d3 exd3 11. exd3 Nc6 12. Qb3 Re2 13. b5 Na5 14. Qb4 Bxd3 15. Na3 c5 16. bxc6 Nxc6 17. Qxb7 Rxb2 18. Qxf7+ Kh8 19. Bxc6 Bxf1 20. Rxf1 Rc8 21. Qe6 Rc7 22. Nb5 Re7 23. Nf7+ Rxf7 24. Qxf7 Rxa2 25. c5 d5 26. Nd6 Qa5 27. Ne8 1-0

[Event "Prague Golden op 13th"]
[Site "Prague"]
[Date "2017.07.06"]
[Round "6"]
[White "Forman, Miroslav1111"]
[Black "Janacek, Jaroslav"]
[Result "0-1"]
[WhiteElo "1805"]
[BlackElo "2012"]
[PlyCount "102"]
[EventDate "2017.07.01"]
[EventType "swiss"]
[EventRounds "9"]
[EventCountry "CZE"]
[SourceTitle "CBM 179 Extra"]
[Source "ChessBase"]
[SourceDate "2017.08.23"]
[SourceVersion "1"]
[SourceVersionDate "2017.08.23"]
[SourceQuality "1"]

1. d4 d6 2. Bg5 h6 3. Bf4 g5 4. Bg3 Bg7 5. h4 g4 6. c3 Nf6 7. Qc2 Nh5 8. Bh2 e5 9. e3 Qxh4 10. g3 Qe7 11. Ne2 0-0 12. Bg2 c6 13. Nd2 f5 14. 0-0-0 Be6 15. Kb1 Nd7 16. f3 Nhf6 17. e4 fxe4 18. fxe4 Nh7 19. Bg1 Ng5 20. Be3 Nb6 21. b3 Bf7 22. Rh4 h5 23. Rdh1 Bg6 24. Rxh5 Bxh5 25. Rxh5 Nf3 26. Rh1 Rf7 27. dxe5 dxe5 28. Nc1 Rd8 29. Nxf3 gxf3 30. Bf1 Kf8 31. b4 Ke8 32. a4 Nc8 33. Bc4 Rf8 34. Qh2 Rh8 35. Qg1 Nd6 36. Bd3 b6 37. Kc2 Kd7 38. a5 Nc8 39. axb6 axb6 40. Nb3 Kc7 41. Bc4 Bf6 42. Ba6 Bg5 43. Bf2 Rxh1 44. Qxh1 Qf7 45. Qa1 Qh7 46. Bd3 Qh2 47. Qe1 Nd6 48. Nd2 Ra8 49. Kb3 Qh5 50. c4 Qf7 51. Kb2 Bxd2 0-1

[Event "Prague Golden op 13th"]
[Site "Prague"]
[Date "2017.07.03"]
[Round "3"]
[White "Janacek, Jaroslav"]
[Black "Nemecek, Lukas"]
[Result "1-0"]
[WhiteElo "2012"]
[BlackElo "1641"]
[PlyCount "41"]
[EventDate "2017.07.01"]
[EventType "swiss"]
[EventRounds "9"]
[EventCountry "CZE"]
[SourceTitle "CBM 179 Extra"]
[Source "ChessBase"]
[SourceDate "2017.08.23"]
[SourceVersion "1"]
[SourceVersionDate "2017.08.23"]
[SourceQuality "1"]

1. Nf3 d5 2. c4 e6 3. b3 Nf6 4. g3 b6 5. Bg2 Bb7 6. 0-0 c5 7. Bb2 Be7 8. e3 Nc6 9. Qe2 0-0 10. Rd1 Qd7 11. d4 Rfd8 12. Nc3 Rac8 13. Ne5 Qc7 14. Rac1 Nb4 15. a3 Na6 16. cxd5 exd5 17. Nb5 Qb8 18. dxc5 bxc5 19. Bh3 Bc6 20. Nc3 Qxe5 21. Nxd5 1-0

[Event "Prague Golden op 13th"]
[Site "Prague"]
[Date "2017.07.02"]
[Round "2"]
[White "Stojkovic, Andreja"]
[Black "Janacek, Jaroslav"]
[Result "0-1"]
[WhiteElo "1933"]
[BlackElo "2012"]
[PlyCount "128"]
[EventDate "2017.07.01"]
[EventType "swiss"]
[EventRounds "9"]
[EventCountry "CZE"]
[SourceTitle "CBM 179 Extra"]
[Source "ChessBase"]
[SourceDate "2017.08.23"]
[SourceVersion "1"]
[SourceVersionDate "2017.08.23"]
[SourceQuality "1"]

1. e4 d6 2. d4 Nf6 3. Nc3 e5 4. Nf3 Nbd7 5. Bc4 Be7 6. Ng5 0-0 7. f4 exd4 8. Qxd4 c6 9. Be2 Qb6 10. Qxb6 axb6 11. Be3 b5 12. Bf3 b4 13. Ne2 Re8 14. Ng3 g6 15. 0-0 Bf8 16. Bd2 c5 17. c3 bxc3 18. Bxc3 h6 19. Nh3 h5 20. Rfe1 Ng4 21. Bxg4 hxg4 22. Nf2 Nb6 23. f5 gxf5 24. exf5 Rxe1+ 25. Rxe1 Rxa2 26. Nxg4 Nd5 27. Nf6+ Nxf6 28. Bxf6 Bd7 29. h4 d5 30. Be7 Rxb2 31. f6 Bc6 32. Nf5 d4 33. g3 Rg2+ 34. Kf1 Rh2 35. Re5 b6 36. Bxf8 Kxf8 37. Ne7 Bb5+ 38. Kg1 Re2 39. Rh5 Ke8 40. Nd5 Kd7 41. Nf4 Re3 42. Rd5+ Kc6 43. Kf2 Bc4 44. Rd8 Kc7 45. Rf8 Ra3 46. h5 Ra2+ 47. Ke1 Rh2 48. g4 b5 49. g5 b4 50. g6 fxg6 51. hxg6 b3 52. f7 b2 53. Rb8 Kxb8 54. f8Q+ Kb7 55. Qe7+ Kb6 56. Qd6+ Kb5 57. Qb8+ Ka4 58. Qa8+ Kb3 59. Qb7+ Kc3 60. Qf3+ d3 61. Nxd3 Bxd3 62. Qf6+ Kc2 63. Qxb2+ Kxb2 64. g7 Bh7 0-1